000 00330nam a2200133Ia 4500
008 240624s9999 xx 000 0 und d
041 _aeng
082 _a006.76 HOL
100 _aHOLDEN GREG
245 _aECOMMERCE ESSENTIALS WITH MICROSOFT FRON
260 _c2000
_aNew Delhi
_bPrentice-Hall
300 _axiii, : 290
365 _cRS
999 _c282
_d282